Soil investigation report and design of foundation for over head water tank (Record no. 553725)
[ view plain ]
| 000 -LEADER | |
|---|---|
| fixed length control field | 00398nam a22001337a 4500 |
| 082 ## - DEWEY DECIMAL CLASSIFICATION NUMBER | |
| Classification number | P726 |
| 100 ## - MAIN ENTRY--PERSONAL NAME | |
| Personal name | Capt M Mirza Asalm Syn#6 OD 33 |
| 9 (RLIN) | 50988 |
| 245 ## - TITLE STATEMENT | |
| Title | Soil investigation report and design of foundation for over head water tank |
| Remainder of title | Project |
| 260 ## - PUBLICATION, DISTRIBUTION, ETC. | |
| Place of publication, distribution, etc. | Risalpur, |
| Name of publisher, distributor, etc. | MCE, |
| 300 ## - PHYSICAL DESCRIPTION | |
| Extent | 101p. |
| 526 ## - STUDY PROGRAM INFORMATION NOTE | |
| Program name | 0 |
| Interest level | 0 |
| Reading level | 0 |
| Title point value | P_000000000000000_726 |
| 700 ## - ADDED ENTRY--PERSONAL NAME | |
| Personal name | Dr Noor Ul Amin |
| 9 (RLIN) | 50989 |
| 942 ## - ADDED ENTRY ELEMENTS (KOHA) | |
| Source of classification or shelving scheme | |
| Koha item type | Book |
| Withdrawn status | Lost status | Source of classification or shelving scheme | Damaged status | Not for loan | Permanent Location | Current Location | Date acquired | Total Checkouts | Full call number | Barcode | Date last seen | Price effective from | Koha item type |
|---|---|---|---|---|---|---|---|---|---|---|---|---|---|
| Military College of Engineering (MCE) | Military College of Engineering (MCE) | 07/28/2016 | P726 | MCE-P726 | 07/28/2016 | 07/28/2016 | Book |
